Catalog

Record Details

Catalog Search



Available copies

  • 3 of 3 copies available at LARL/NWRL Consortium.
  • 2 of 2 copies available at Lake Agassiz Regional Library. (Show preferred library)

Current holds

0 current holds with 3 total copies.

Show Only Available Copies
Location Call Number / Copy Notes Barcode Shelving Location Status Due Date
Ada Public Library Y COM (Text) 33500014159644 Main Available -
Detroit Lakes Public Library Y COM (Text) 33500014159636 Main Available -
Warroad Public Library ya COM (Text) 35500006849598 Main Available -

Record details

  • ISBN: 9781526667588
  • ISBN: 1526667584
  • ISBN: 9781547614790
  • ISBN: 154761479X
  • Physical Description: 397 pages ; 20 cm
  • Publisher: London : Bloomsbury, 2024.

Content descriptions

Summary, etc.:
Jenna Ray has just been rescued from a prophesied ... Read More
Subject: Superheroes > Juvenile fiction.
Supervillains > Juvenile fiction.
Prophecies > Juvenile fiction.
Young adult fiction.
Genre: Young adult fiction.
Satirical fiction.
Superhero fiction.
LDR 02104cam a2200481Mi 4500
001450193
003LARL_NWRL_CONSORTIUM
00520250226162854.0
008240315s2024 enk d 000 1 eng d
040 . ‡aAU@ ‡beng ‡erda ‡cAU@ ‡dSINLB ‡dOCLCO ‡dYDX ‡dBDX ‡dAUNTL ‡dOCLCO ‡dNZLPP
019 . ‡a1414164426
020 . ‡a9781526667588 ‡qpaperback
020 . ‡a1526667584 ‡qpaperback
020 . ‡a9781547614790
020 . ‡a154761479X
035 . ‡a(OCoLC)1427385588 ‡z(OCoLC)1414164426
08204. ‡a823.92 ‡223
1001 . ‡aComerford, Helen, ‡eauthor. ‡1https://id.oclc.org/worldcat/entity/E39PCjKWdBDWmmcMr89DH7xDpX
24514. ‡aThe love interest / ‡cHelen Comerford.
264 1. ‡aLondon : ‡bBloomsbury, ‡c2024.
300 . ‡a397 pages ; ‡c20 cm
336 . ‡atext ‡btxt ‡2rdacontent
337 . ‡aunmediated ‡bn ‡2rdamedia
338 . ‡avolume ‡bnc ‡2rdacarrier
520 . ‡aJenna Ray has just been rescued from a prophesied disaster by the world's newest superhero, Blaze. As the first person he saves, she must be his Love Interest, right? Nope. Jenna is not having that. (Even if Blaze is sort of charming and good-looking...) But now the Villains are drawn to Jenna, and she'll have to join in the action - and get closer to Blaze - if she's going to figure out what they want and who they are.
650 0. ‡aSuperheroes ‡vJuvenile fiction.
650 0. ‡aSupervillains ‡vJuvenile fiction.
650 0. ‡aProphecies ‡vJuvenile fiction.
650 0. ‡aYoung adult fiction. ‡0(LARL_NWRL_CONSORTIUM)35107
655 0. ‡aYoung adult fiction.
655 7. ‡aSatirical fiction. ‡2lcgft
655 7. ‡aSuperhero fiction. ‡2lcgft
905 . ‡uvanderl
901 . ‡a450193 ‡bAUTOGEN ‡c450193 ‡tbiblio ‡soclc

Additional Resources